La cláusula como representación en Bribri según la gramática sistémico-funcional
Bewaard in:
| Hoofdauteur: | |
|---|---|
| Formaat: | Boek |
| Taal: | Undetermined |
| Gepubliceerd in: |
San José, Costa Rica
Universidad de Costa Rica, Sistema de Estudios de Posgrado
2009
|
| Onderwerpen: | |
| Tags: |
Voeg label toe
Geen labels, Wees de eerste die dit record labelt!
|
MARC
| LEADER | 00000nam a2200000Ia 4500 | ||
|---|---|---|---|
| 008 | 170316s9999 xx 000 0 und d | ||
| 040 | |a cru BVZT | ||
| 090 | |a TESIS 811 | ||
| 100 | |a Cruz Volio, María Gabriela | ||
| 245 | |a La cláusula como representación en Bribri según la gramática sistémico-funcional | ||
| 260 | |a San José, Costa Rica | ||
| 260 | |b Universidad de Costa Rica, Sistema de Estudios de Posgrado | ||
| 260 | |c 2009 | ||
| 300 | |a 236 páginas | ||
| 650 | |a TRABAJO FINAL DE GRADUACIÓN | ||
| 650 | |a SEP | ||
| 650 | |a MAGISTER LINGÜÍSTICAE | ||
| 650 | |a CLÁUSULA COMO REPRESENTACIÓN EN BRIBRI | ||
| 650 | |a GRAMÁTICA SISTÉMICO - FUNCIONAL | ||
| 999 | |c 14481 |d 14481 | ||
| 942 | |c TFG |h TESIS 811 |2 z | ||
